Nové trendy marketingu a ich aplikácia v podmienkach vybraného podniku diplomová práca

Salvato in:
Dettagli Bibliografici
Autore principale: Bartalosová, Kristína
Ente Autore: Fakulta podnikového manažmentu EU. Katedra podnikovohospodárska
Altri autori: Grančičová, Katarína, 1967-
Natura: Libro
Lingua:slovacco
Pubblicazione: Bratislava 2018
Tags: Aggiungi Tag
Nessun Tag, puoi essere il primo ad aggiungerne!!

MARC

LEADER 00000nbm a2200000 4500
001 0244805
005 20181004110811.8
041 0 |a slo 
044 |a SK 
245 1 0 |a Nové trendy marketingu a ich aplikácia v podmienkach vybraného podniku  |b diplomová práca  |c Kristína Bartalosová ; školiteľ: Katarína Grančičová 
264 1 |a Bratislava  |c 2018 
300 |a 71 s. 
100 1 |a Bartalosová, Kristína 
700 1 |a Grančičová, Katarína, 1967- 
710 2 |a Fakulta podnikového manažmentu EU. Katedra podnikovohospodárska